000
00313nam a22001337a 4500
008
180110b xxu||||| |||| 00| 0 eng d
020
_a
0926842307
041
_a
eng
080
_a
37
100
_a
46
101
_a
EDU
245
_a
Teaching Multicultural Literature in Grades K-8
_c
Harris,V.J
942
_2
udc
_c
BK
999
_c
40027
_d
40027